[Event "Match"]
[Site "www.echecsemail.com"]
[Date "2019.03.20"]
[Round "1"]
[White "Liencam2"]
[Black "Stevep84"]
[WhiteElo "2310"]
[BlackElo "2300"]
[Result "0-1"]
[Round "1"]
1.e4 c6
2.d4 d5
3.f3 dxe4
4.fxe4 e5
5.c3 Ng8f6
6.Bc1g5 h6
7.Bg5h4 Bf8e7
8.Bh4xf6 Be7xf6
9.d5 cxd5
10.Bf1b5 Bc8d7
11.Qd1xd5 Nb8c6
12.Ng1f3 O-O
13.Nb1a3 a6
14.Ra1d1 axb5
15.Qd5xd7 Qd8b6
16.Ke2 b4
17.Na3c4 Qb6b5
18.Qd7d5 Qb5a6
19.Ke3 Ra8d8
20.Qd5c5 Bf6e7
21.Qc5b6 Qa6xb6
22.Nc4xb6 Be7c5
23.Ke2 Bc5xb6
24.cxb4 Rd8xd1
25.Rh1xd1 Nc6d4
26.Kf1 Nd4xf3
27.gxf3 Rf8d8
28.Rd1xd8 Bb6xd8
29.a4 Bd8e7
30.b5 Be7c5
31.Ke2 Kf8
32.Kd3 Ke7
33.Kc4 Kd6
34.b4 Bc5f2
35.a5 g6
36.b6 Kc6
37.h4 Bf2xh4
38.b5 Kd6
39.a6 bxa6
40.bxa6 Kc6
41.b7 Kc7
42.Kd5 f6
43.Ke6 Bh4g5
44.Kf7 h5
{ resign }
0-1

[Event "Tourn. n10072"]
[Site "www.echecsemail.com"]
[Date "2019.03.20"]
[Round "1"]
[White "Bojan"]
[Black "Francesco"]
[WhiteElo "1980"]
[BlackElo "2060"]
[Result "1-0"]
[Round "1"]
1.e4 e5
2.Ng1f3 Ng8f6
3.Nb1c3 Bf8b4
4.Nf3xe5 d6
5.Ne5d3 Bb4xc3
6.dxc3 O-O
7.f3 Rf8e8
8.Bc1g5 h6
9.Bg5h4 Nb8c6
10.Qd1d2 d5
11.Nd3f2 Bc8e6
12.Bf1b5 a6
13.Bb5xc6 bxc6
14.Qd2e3 Ra8b8
15.b3 g5
16.Bh4g3 dxe4
17.O-O exf3
18.Qe3xf3 Be6d5
19.Qf3d3 a5
20.a4 Qd8d7
21.c4 Bd5e6
22.Qd3c3 Nf6g4
23.Ra1e1 Ng4xf2
24.Rf1xf2 f5
25.Bg3e5 Rb8a8
26.Qc3g3 f4
27.Be5xf4 Kh7
28.Bf4xc7 Ra8c8
29.Bc7xa5 Be6xc4
30.bxc4 Re8xe1
31.Ba5xe1 Qd7d1
32.Rf2d2 Qd1a1
33.a5 Rc8a8
34.Qg3d3 { resign }
1-0

[Event "Match"]
[Site "www.echecsemail.com"]
[Date "2019.03.20"]
[Round "1"]
[White "Passaroa25"]
[Black "Jjmcbride"]
[WhiteElo "1710"]
[BlackElo "1460"]
[Result "0-1"]
[Round "1"]
1.Nb1c3 Ng8f6
2.f3 d5
3.d4 Qd8d6
4.Bc1e3 e5
5.Be3f2 e4
6.e3 a6
7.Bf1e2 Qd6b4
8.Qd1b1 c5
9.a3 Qb4a5
10.Be2d1 Bf8d6
11.Ng1e2 exf3
12.gxf3 Bc8h3
13.Bf2g3 Qa5c7
14.Bg3e5 Bd6xe5
15.dxe5 Qc7xe5
16.Qb1c1 Bh3g2
17.f4 Qe5e6
18.Rh1g1 Qe6h3
19.Ne2g3 d4
20.Nc3e2 O-O
21.Rg1xg2 Qh3xg2
22.Ng3f1 Nf6g4
23.exd4 Qg2f2
24.Kd2 Qf2xf1
25.c3 Rf8e8
26.Kc2 Ng4e3
27.Kd2 Ne3c4
28.Kc2 Nc4e3
29.Kb3 c4
30.Kb4 Nb8c6
31.Kc5 b6
32.Kxc6 Qf1f3
33.Kxb6 Re8e6
34.Ka5 Qf3d5
35.Ka4 Qd5b5

0-1

[Event "Match"]
[Site "www.echecsemail.com"]
[Date "2019.03.20"]
[Round "1"]
[White "Tbsundar"]
[Black "Logout"]
[WhiteElo "2110"]
[BlackElo "2070"]
[Result "1-0"]
[Round "1"]
1.d4 g6
2.Ng1f3 Bf8g7
3.c3 b6
4.Nb1d2 Bc8b7
5.e3 Ng8f6
6.Bf1e2 O-O
7.O-O d6
8.b3 Nb8d7
9.Bc1b2 e6
10.Rf1e1 Qd8e7
11.Qd1c2 c5
12.c4 cxd4
13.exd4 Nf6h5
14.Be2f1 Bb7xf3
15.Nd2xf3 Ra8c8
16.Ra1d1 b5
17.Bb2c1 bxc4
18.bxc4 Rf8e8
19.Bc1g5 Bg7f6
20.h4 Bf6xg5
21.Nf3xg5 d5
22.Qc2b3 Rc8b8
23.Qb3f3 dxc4
24.Bf1xc4 Rb8b6
25.d5 Nh5g7
26.d6 Rb6xd6
27.Rd1xd6 Qe7xd6
28.Qf3xf7 Kh8
29.Qf7xe8 Nd7f8
30.Ng5f7 Kg8
31.Nf7xd6 Ng7xe8
32.Nd6xe8 Kf7
33.Ne8c7 Ke7
34.Nc7xe6 Nf8xe6
35.Re1xe6 Kd7
36.Re6a6 Kc7
37.Ra6xa7 Kb6
38.Ra7xh7 Kc5
39.Bc4b3 Kb4
40.Rh7c7 Ka3
41.Rc7g7 g5
42.h5 g4
43.h6 g3
44.h7 gxf2
45.Kxf2 Kb2
46.h8Q Ka1
47.Bb3d5 Kb1
48.Rg7b7 Kc2
49.Rb7b2 Kc1
50.Qh8c3 Kd1
51.Qc3d2 
1-0

[Event "Tourn. n10055"]
[Site "www.echecsemail.com"]
[Date "2019.03.21"]
[Round "1"]
[White "Cathar"]
[Black "Add"]
[WhiteElo "2140"]
[BlackElo "2200"]
[Result "0-1"]
[Round "1"]
1.d4 d5
2.c4 c6
3.Ng1f3 Ng8f6
4.Nb1c3 e6
5.Bc1g5 Nb8d7
6.e3 Bf8e7
7.Qd1c2 h6
8.Bg5h4 dxc4
9.Bf1xc4 Nd7b6
10.Bc4e2 Nf6d5
11.Bh4xe7 Qd8xe7
12.O-O O-O
13.a3 Bc8d7
14.Nc3e4 f6
15.Ne4c5 Bd7e8
16.Qc2e4 Be8f7
17.Be2d3 f5
18.Qe4e5 Nb6d7
19.Nc5xd7 Qe7xd7
20.Bd3c4 Nd5e7
21.Qe5g3 Ne7g6
22.h4 Ra8e8
23.h5 Ng6h8
24.Nf3e5 Qd7d6
25.Bc4e2 Re8e7
26.f4 Bf7e8
27.Ra1c1 Rf8f6
28.Qg3e1 Qd6d5
29.Rc1c5 Qd5b3
30.Qe1c3 Qb3xc3
31.Rc5xc3 Nh8f7
32.b4 Nf7d6
33.g4 Nd6e4
34.Rc3c2 Ne4g3
35.g5 hxg5
36.fxg5 Rf6f8
37.g6 Ng3xf1
38.Be2xf1 f4
39.Kf2 fxe3
40.Kxe3 Rf8xf1
{ resign }
0-1

[Event "Tourn. n10083"]
[Site "www.echecsemail.com"]
[Date "2019.03.21"]
[Round "1"]
[White "Scasan55"]
[Black "Claudia"]
[WhiteElo "1980"]
[BlackElo "1850"]
[Result "0-1"]
[Round "1"]
1.e4 c5
2.Ng1f3 d6
3.d4 cxd4
4.Nf3xd4 Ng8f6
5.Nb1c3 e6
6.Bc1g5 a6
7.Bf1e2 Bf8e7
8.O-O O-O
9.h3 Qd8c7
10.a4 Nb8c6
11.Nd4xc6 bxc6
12.b3 d5
13.Be2d3 Qc7e5
14.Bg5xf6 Be7xf6
15.Nc3e2 Qe5xa1
16.Qd1xa1 Bf6xa1
17.Rf1xa1 a5
18.Ne2d4 c5
19.Nd4b5 Bc8b7
20.Ra1e1 Rf8d8
21.e5 Bb7a6
22.f4 Kf8
23.Nb5c7 Ba6xd3
24.Nc7xa8 Bd3xc2
25.Na8c7 Bc2xb3
26.Nc7a6 Bb3xa4
27.Na6xc5 Ba4b5
28.Re1b1 Bb5c4
29.Rb1a1 Rd8a8
30.Nc5b7 a4
31.Nb7d6 Bc4b3
32.Nd6b5 Ke7
33.Kf2 Ra8a5
34.Nb5c3 Ra5c5
35.Nc3e2 f6
36.exf6 gxf6
37.Ne2d4 Rc5c4
38.Ke3 Rc4c3
39.Kd2 Rc3g3
40.Nd4xb3 Rg3xg2
41.Ke3 axb3
42.Ra1b1 Rg2g3
43.Kd2 Rg3xh3
{ resign }
0-1

[Event "1/32 Finale"]
[Site "www.chess-mail.com"]
[Date "2019.03.21"]
[Round "1"]
[White "Guidom"]
[Black "Pdebonis"]
[WhiteElo "2160"]
[BlackElo "2700"]
[Result "0-1"]
[Round "1"]
1.e4 c5
2.Ng1f3 d6
3.c4 e5
4.Nb1c3 Nb8c6
5.d3 Bf8e7
6.Bf1e2 f5
7.O-O Ng8f6
8.Bc1g5 O-O
9.a3 Nf6xe4
10.dxe4 Be7xg5
11.Nf3xg5 Qd8xg5
12.Qd1xd6 f4
13.f3 Nc6d4
14.Be2d1 Bc8h3
15.Rf1f2 Ra8c8
16.Qd6d5 Rf8f7
17.Nc3b5 Bh3e6
18.Nb5d6 Be6xd5
19.Nd6xf7 Bd5xf7
20.b3 Rc8c6
21.a4 Rc6h6
22.Ra1a2 Kh8
23.Ra2d2 Qg5h4
24.h3 Qh4g3
25.Kh1 b6
26.Rd2a2 Bf7e6
27.Ra2d2 Be6xh3
28.Kg1 Bh3xg2
29.Rf2xg2 Qg3e1

0-1

[Event "Fast Game"]
[Site "www.echecsemail.com"]
[Date "2019.03.21"]
[Round "1"]
[White "Claudia"]
[Black "Stevep84"]
[WhiteElo "1960"]
[BlackElo "1960"]
[Result "1-0"]
[Round "1"]
1.d4 c6
2.c4 d5
3.Nb1c3 e6
4.cxd5 exd5
5.Ng1f3 Bf8d6
6.Bc1g5 f6
7.Bg5h4 Bc8f5
8.Qd1b3 Qd8c7
9.Ra1c1 Nb8d7
10.Nc3xd5 Qc7a5
11.Nd5c3 O-O-O
12.e3 g5
13.Bh4g3 Bd6xg3
14.hxg3 h5
15.Bf1e2 Bf5g6
16.O-O Ng8e7
17.e4 Rd8g8
18.d5 Nd7c5
19.Qb3c4 Qa5b6
20.b4 Nc5d7
21.dxc6 bxc6
22.Nc3d5 Ne7xd5
23.exd5 Bg6f7
24.Qc4b3 Kb8
25.Be2c4 c5
26.Qb3a4 Bf7e8
27.bxc5 Nd7xc5
28.Qa4c2 Be8g6
29.Qc2c3 Nc5e4
30.Qc3a3 Ne4xg3
31.Rf1e1 h4
32.Bc4d3 Bg6xd3
33.Qa3xd3 Ka8
34.Rc1b1 Qb6d6
35.fxg3 hxg3
36.Re1c1 g4
37.Rc1c6 Qd6f8
38.Rc6c7 Qf8d6
39.Rc7xa7 Kxa7
40.Qd3d4 { resign }
1-0

[Event "Tourn. n10080"]
[Site "www.echecsemail.com"]
[Date "2019.03.22"]
[Round "1"]
[White "Bojan"]
[Black "Apdash"]
[WhiteElo "2020"]
[BlackElo "2120"]
[Result "0-1"]
[Round "1"]
1.e4 c5
2.e5 e6
3.d3 d5
4.f4 Ng8e7
5.c3 Bc8d7
6.g4 Nb8c6
7.Qd1f3 Qd8c7
8.Ng1e2 O-O-O
9.Nb1d2 f5
10.g5 h6
11.h4 hxg5
12.hxg5 Rh8xh1
13.Qf3xh1 Ne7g6
14.b3 Bf8e7
15.Qh1h7 Ng6xe5
16.fxe5 Nc6xe5
17.Ne2g1 Be7xg5
18.Qh7xg7 Bg5h4
19.Kd1 Ne5g4
20.Nd2f3 Bh4f6
21.Kc2 Bf6xg7
22.Ng1e2 e5
23.Bc1d2 e4
24.Bd2f4 exd3
25.Kxd3 Bd7b5
26.Kc2 Qc7e7
27.Kd2 Qe7e4
28.Nf3g1 d4
29.c4 d3
{ resign }
0-1

[Event "Tourn. n10051"]
[Site "www.echecsemail.com"]
[Date "2019.03.22"]
[Round "1"]
[White "Jazzy"]
[Black "Fegatux"]
[WhiteElo "2210"]
[BlackElo "2220"]
[Result "1-0"]
[Round "1"]
1.Ng1f3 Ng8f6
2.d4 d5
3.c4 e6
4.g3 c6
5.Nb1c3 Bf8e7
6.Bf1g2 O-O
7.O-O Nb8d7
8.b3 b6
9.Bc1b2 Ra8b8
10.Bb2c1 Bc8b7
11.Bc1b2 dxc4
12.bxc4 Bb7a6
13.Nf3d2 Qd8c7
14.Rf1e1 b5
15.c5 b4
16.Nc3e4 Nf6d5
17.Nd2b3 Nd7f6
18.Qd1c2 Ba6b5
19.Ne4d6 Be7xd6
20.cxd6 Qc7xd6
21.e4 Nf6d7
22.exd5 cxd5
23.Nb3c5 Bb5c4
24.Bb2c1 Nd7xc5
25.Bc1f4 Qd6d8
26.dxc5 Rb8c8
27.Bf4d6 Rf8e8
28.Qc2a4 a5
29.Bg2f1 Rc8a8
30.Ra1d1 Qd8f6
31.Bf1xc4 dxc4
32.c6 c3
33.c7 Qf6f3
34.Bd6e7 { resign }
1-0

[Event "Tourn. n10042"]
[Site "www.echecsemail.com"]
[Date "2019.03.22"]
[Round "1"]
[White "Apdash"]
[Black "Ejner"]
[WhiteElo "2230"]
[BlackElo "2430"]
[Result "0-1"]
[Round "1"]
1.e4 e6
2.d4 d5
3.exd5 exd5
4.Ng1f3 Bf8d6
5.Bf1e2 Ng8e7
6.O-O Nb8c6
7.Rf1e1 Bc8g4
8.c3 O-O
9.Bc1g5 f6
10.Bg5h4 Ne7f5
11.Nb1d2 Rf8e8
12.Qd1b3 Re8xe2
13.Re1xe2 Nf5xh4
14.Qb3xd5 Kh8
15.Ra1e1 Bg4xf3
16.Re2e8 Qd8xe8
17.Re1xe8 Ra8xe8
18.Nd2xf3 Nh4xf3
19.gxf3 Re8d8
20.Qd5b3 b6
21.Qb3a4 Nc6e7
22.Qa4xa7 g6
23.Qa7b7 Ne7f5
24.Qb7e4 Kg7
25.a3 Rd8d7
26.c4 Nf5xd4
27.Kg2 Nd4f5
28.b4 Bd6e5
29.Qe4c6 Rd7d1
30.a4 Rd1d2
31.a5 Nf5e3
32.Kh3 Rd2xf2
{ resign }
0-1

[Event "Match"]
[Site "www.echecsemail.com"]
[Date "2019.03.22"]
[Round "1"]
[White "Kipik"]
[Black "Calponas"]
[WhiteElo "2210"]
[BlackElo "2070"]
[Result "1-0"]
[Round "1"]
1.e4 c5
2.Ng1f3 d6
3.d4 cxd4
4.Nf3xd4 Ng8f6
5.Nb1c3 a6
6.Bf1e2 e5
7.Nd4b3 Bf8e7
8.O-O Qd8c7
9.Bc1g5 Bc8e6
10.Bg5xf6 gxf6
11.Nc3d5 Be6xd5
12.Qd1xd5 Qc7c6
13.Be2c4 O-O
14.Nb3a5 Qc6b6
15.Qd5xb7 Qb6xb7
16.Na5xb7 Ra8a7
17.Nb7a5 Ra7c7
18.Bc4b3 Nb8d7
19.Na5c4 Nd7c5
20.f3 h5
21.Rf1d1 Rf8d8
22.Nc4e3 Be7f8
23.Ne3d5 Rc7b7
24.Nd5xf6 Kg7
25.Nf6xh5 Kg6
26.Nh5g3 Bf8h6
27.Ng3f5 Bh6f8
28.Ra1b1 f6
29.Rd1d5 Kf7
30.Rd5xc5 { resign }
1-0

[Event "Match"]
[Site "www.echecsemail.com"]
[Date "2019.03.22"]
[Round "1"]
[White "D4minance"]
[Black "Karlgrocer"]
[WhiteElo "1499"]
[BlackElo "1930"]
[Result "1-0"]
[Round "1"]
1.d4 d5
2.c4 c6
3.Ng1f3 Ng8f6
4.e3 e6
5.b3 Bf8e7
6.Bf1d3 O-O
7.O-O dxc4
8.bxc4 Nb8d7
9.Nb1c3 a6
10.Qd1c2 b5
11.c5 g6
12.Nc3e2 Nf6d5
13.a3 Be7f6
14.e4 Nd5c7
15.e5 Bf6g7
16.h4 Nc7d5
17.h5 Nd5e7
18.hxg6 fxg6
19.Nf3g5 Nd7b8
20.g4 Ne7d5
21.Bd3xg6 hxg6
22.Qc2xg6 { resign }
1-0

[Event "1/8 Finale"]
[Site "www.chess-mail.com"]
[Date "2019.03.22"]
[Round "1"]
[White "Guidom"]
[Black "Buchauer"]
[WhiteElo "2170"]
[BlackElo "2860"]
[Result "0-1"]
[Round "1"]
1.e4 g6
2.d4 Bf8g7
3.c3 d6
4.Ng1f3 Ng8f6
5.Bf1d3 O-O
6.O-O Nb8d7
7.Bc1g5 h6
8.Bg5h4 e5
9.d5 g5
10.Bh4g3 Nd7c5
11.Rf1e1 Nc5xd3
12.Qd1xd3 Nf6h7
13.Nb1d2 h5
14.h4 g4
15.Nf3h2 Bg7f6
16.Qd3e3 Bf6xh4
17.Bg3xh4 Qd8xh4
18.g3 Qh4f6
19.c4 Nh7g5
20.Kg2 Ng5h3
21.b4 Qf6g6
22.Re1e2 f5
23.c5 f4
24.gxf4 exf4
25.Qe3d4 f3
{ resign }
0-1

[Event "Match"]
[Site "www.echecsemail.com"]
[Date "2019.03.23"]
[Round "1"]
[White "Shallowthink"]
[Black "Emmanuel69"]
[WhiteElo "1809"]
[BlackElo "2050"]
[Result "0-1"]
[Round "1"]
1.d4 d5
2.c4 c6
3.cxd5 cxd5
4.Bc1f4 Nb8c6
5.Ng1f3 Ng8f6
6.Nb1c3 a6
7.e3 e6
8.Ra1c1 Bf8e7
9.h3 O-O
{ resign }
0-1

[Event "Match"]
[Site "www.echecsemail.com"]
[Date "2019.03.23"]
[Round "1"]
[White "Joseph1983"]
[Black "Tbsundar"]
[WhiteElo "2110"]
[BlackElo "2170"]
[Result "1-0"]
[Round "1"]
1.Ng1f3 d5
2.b3 Ng8f6
3.Bc1b2 Nb8d7
4.d3 c6
5.Nb1d2 Qd8a5
6.a3 e6
7.e4 c5
8.e5 Nf6g4
9.h3 Ng4h6
10.d4 cxd4
11.Bb2xd4 Nh6f5
12.Bd4b2 h5
13.Bf1d3 g6
14.c4 Nd7c5
15.Bd3c2 Nc5e4
16.b4 Bf8xb4
17.Bc2a4 Kf8
18.axb4 Qa5b6
19.Nd2xe4 dxe4
20.c5 Qb6xb4
21.Qd1d2 a5
22.Bb2c3 Qb4xc5
23.Qd2d8 Kg7
24.Qd8f6 Kg8
25.Ra1d1 Qc5xc3
26.Kf1 Bc8d7
27.Nf3g5 Nf5d6
28.Rd1xd6 Qc3a1
29.Rd6d1 Bd7b5
30.Kg1 Qa1xd1
31.Ba4xd1 Bb5e8
32.Bd1a4 Rh8h7
33.Ba4xe8 Ra8xe8
34.Ng5xh7 Re8c8
35.Nh7g5 Rc8f8
36.Ng5xe6 fxe6
37.Qf6xg6 Kh8
38.Qg6h6 { resign }
1-0

[Event "Match"]
[Site "www.echecsemail.com"]
[Date "2019.03.23"]
[Round "1"]
[White "Gambitmiau"]
[Black "Shallowthink"]
[WhiteElo "1890"]
[BlackElo "1809"]
[Result "1-0"]
[Round "1"]
1.e4 e6
2.d4 d5
3.e5 c5
4.b3 cxd4
5.Ng1f3 Nb8c6
6.Bf1b5 Qd8a5
7.Nb1c3 dxc3
8.Bb5xc6 bxc6
9.O-O Bc8a6
10.Rf1e1 c5
11.a3 Ng8e7
12.Bc1g5 h6
13.b4 Qa5a4
14.Bg5xe7 Bf8xe7
15.Re1e3 d4
16.Re3e4 d3
17.cxd3 { resign }
1-0

[Event "Tourn. n10061"]
[Site "www.echecsemail.com"]
[Date "2019.03.23"]
[Round "1"]
[White "Esperanza"]
[Black "Chessdna"]
[WhiteElo "1660"]
[BlackElo "1369"]
[Result "1-0"]
[Round "1"]
1.e4 e5
2.Ng1f3 Bf8d6
3.Bf1c4 Qd8f6
4.O-O c6
5.d4 b5
6.Bc4b3 h6
7.a4 b4
8.Nb1d2 Qf6e7
9.Nd2c4 Bd6c7
10.dxe5 f6
11.Nc4d6 Bc7xd6
12.exd6 Qe7f8
13.Nf3h4 g5
14.Nh4g6 Qf8g7
15.Ng6xh8 Qg7xh8
16.Qd1h5 Kd8
17.Qh5f7 h5
18.Qf7xg8 Qh8xg8
19.Bb3xg8 Bc8a6
20.Rf1e1 Ba6b7
21.e5 Nb8a6
22.exf6 Na6c7
23.dxc7 Kxc7
24.f7 { resign }
1-0

[Event "Match"]
[Site "www.echecsemail.com"]
[Date "2019.03.23"]
[Round "1"]
[White "Tbsundar"]
[Black "Shallowthink"]
[WhiteElo "2160"]
[BlackElo "1809"]
[Result "1-0"]
[Round "1"]
1.d4 Ng8f6
2.c4 e6
3.Ng1f3 b6
4.Nb1d2 Bc8b7
5.e3 c5
6.Bf1d3 cxd4
7.exd4 d5
8.Nf3e5 Nb8c6
9.Qd1a4 dxc4
10.Ne5xc6 Qd8d7
11.d5 cxd3
12.b3 Nf6xd5
13.Nc6e5 Qd7xa4
14.bxa4 Ra8c8
15.O-O f6
16.Ne5xd3 Bb7a6
17.Nd3b2 { resign }
1-0

[Event "Match"]
[Site "www.echecsemail.com"]
[Date "2019.03.23"]
[Round "1"]
[White "Shallowthink"]
[Black "Logout"]
[WhiteElo "1809"]
[BlackElo "2090"]
[Result "0-1"]
[Round "1"]
1.d4 d5
2.c4 dxc4
3.e3 Ng8f6
4.Bf1xc4 e6
5.Ng1f3 Bf8b4
6.Bc1d2 Bb4xd2
7.Nb1xd2 O-O
8.O-O c6
9.e4 b5
10.Bc4d3 Qd8e7
11.Rf1e1 Nb8d7
12.Qd1c2 a5
13.e5 Nf6d5
14.Bd3xh7 Kh8
{ resign }
0-1

[Event "Match"]
[Site "www.echecsemail.com"]
[Date "2019.03.23"]
[Round "1"]
[White "Aiko1603"]
[Black "Shallowthink"]
[WhiteElo "2130"]
[BlackElo "1809"]
[Result "1-0"]
[Round "1"]
1.c4 e5
2.Nb1c3 Ng8f6
3.g3 Bf8b4
4.Bf1g2 O-O
5.d3 Rf8e8
6.Bc1d2 c6
7.Ng1f3 d5
8.cxd5 cxd5
9.Qd1b3 Nb8c6
10.O-O h6
11.Qb3c2 e4
12.dxe4 dxe4
13.Nf3e1 { resign }
1-0

[Event "Match"]
[Site "www.echecsemail.com"]
[Date "2019.03.23"]
[Round "1"]
[White "Shallowthink"]
[Black "Llord"]
[WhiteElo "1809"]
[BlackElo "2000"]
[Result "0-1"]
[Round "1"]
1.e4 e5
2.Ng1f3 Nb8c6
3.Bf1b5 Bf8d6
4.O-O Ng8f6
5.d4 O-O
6.Bb5xc6 dxc6
7.dxe5 Bd6c5
8.Qd1xd8 Rf8xd8
{ resign }
0-1

[Event "Tourn. n10055"]
[Site "www.echecsemail.com"]
[Date "2019.03.23"]
[Round "1"]
[White "Bira47"]
[Black "Cathar"]
[WhiteElo "2050"]
[BlackElo "2140"]
[Result "0-1"]
[Round "1"]
1.c4 g6
2.g3 Bf8g7
3.Bf1g2 e5
4.Nb1c3 d6
5.h3 Nb8c6
6.a3 a5
7.b3 f5
8.e3 Ng8f6
9.Ng1e2 O-O
10.Nc3d5 Nf6xd5
11.Bg2xd5 Kh8
12.Bc1b2 Qd8e7
13.O-O f4
14.exf4 Bc8xh3
15.Rf1e1 Ra8e8
16.d4 exd4
17.Ne2xd4 Qe7xe1
18.Qd1xe1 Re8xe1
19.Ra1xe1 Nc6xd4
20.Re1e7 c6
21.Bb2xd4 Bg7xd4
22.Bd5h1 Bh3c8
23.b4 axb4
24.axb4 Bd4f6
25.Re7e2 Bc8d7
26.b5 Rf8e8
27.Re2d2 Re8e1
28.Kh2 Bf6e7
29.b6 Kg7
30.c5 d5
31.Bh1g2 Be7xc5
32.Bg2xd5 cxd5
33.Rd2xd5 Bd7c6
 { time }
0-1

[Event "Tourn. n10073"]
[Site "www.echecsemail.com"]
[Date "2019.03.23"]
[Round "1"]
[White "Mitja"]
[Black "Apdash"]
[WhiteElo "2010"]
[BlackElo "2210"]
[Result "0-1"]
[Round "1"]
1.d4 d5
2.e3 Ng8f6
3.c3 Nb8d7
4.h3 e5
5.dxe5 Nd7xe5
6.Ng1f3 Ne5g6
7.b3 Bf8d6
8.Bc1b2 O-O
9.Bf1e2 c5
10.c4 Bc8e6
11.cxd5 Nf6xd5
12.Nb1c3 Qd8a5
13.Qd1c1 Ng6e5
14.O-O Nd5b4
15.Nf3xe5 Bd6xe5
16.Nc3a4 Be5xb2
17.Qc1xb2 Ra8c8
18.Ra1c1 c4
19.Be2xc4 Be6xc4
20.Rc1xc4 Rc8xc4
21.bxc4 Qa5xa4
22.a3 Nb4d3
23.Qb2c3 Nd3c5
24.Rf1b1 b6
25.Kf1 Rf8d8
26.Ke2 Nc5e4
27.Qc3e5 Qa4c2
{ resign }
0-1

[Event "Match"]
[Site "www.echecsemail.com"]
[Date "2019.03.23"]
[Round "1"]
[White "Shallowthink"]
[Black "Gimmyg"]
[WhiteElo "1809"]
[BlackElo "2520"]
[Result "0-1"]
[Round "1"]
1.Ng1f3 c5
2.e4 Nb8c6
3.Nb1c3 d6
4.d4 cxd4
5.Nf3xd4 e5
6.Nd4f5 Bc8xf5
7.exf5 Qd8d7
8.Nc3d5 Ng8f6
{ resign }
0-1

[Event "Match"]
[Site "www.echecsemail.com"]
[Date "2019.03.23"]
[Round "1"]
[White "Dussek"]
[Black "Shallowthink"]
[WhiteElo "1920"]
[BlackElo "1809"]
[Result "1-0"]
[Round "1"]
1.c4 e5
2.Nb1c3 Ng8f6
3.e4 Bf8c5
4.Ng1f3 Nf6g4
5.d4 exd4
6.Nf3xd4 Ng4xf2
7.Kxf2 Qd8f6
8.Ke3 Nb8c6
9.Nc3d5 Qf6e5
10.Kd3 Qe5xd4
11.Kc2 Qd4xe4
12.Qd1d3 Qe4xd3
13.Kxd3 { resign }
1-0

[Event "Match"]
[Site "www.echecsemail.com"]
[Date "2019.03.23"]
[Round "1"]
[White "Eeze"]
[Black "Shallowthink"]
[WhiteElo "1950"]
[BlackElo "1809"]
[Result "1-0"]
[Round "1"]
1.e4 e6
2.d4 d5
3.e5 c5
4.c3 Nb8c6
5.Bf1b5 Qd8a5
6.Bb5xc6 bxc6
7.Ng1f3 cxd4
8.Nf3xd4 { resign }
1-0

[Event "Match"]
[Site "www.echecsemail.com"]
[Date "2019.03.23"]
[Round "1"]
[White "Yudoka"]
[Black "Shallowthink"]
[WhiteElo "2179"]
[BlackElo "1809"]
[Result "1-0"]
[Round "1"]
1.d4 Ng8f6
2.c4 e6
3.Ng1f3 b6
4.a3 Bc8b7
5.Nb1c3 d5
6.Bc1g5 Bf8e7
7.e3 O-O
8.Ra1c1 Nb8d7
9.cxd5 exd5
10.Bf1d3 Nf6e4
11.h4 c5
12.dxc5 bxc5
13.Qd1a4 { resign }
1-0

[Event "Match"]
[Site "www.echecsemail.com"]
[Date "2019.03.23"]
[Round "1"]
[White "Shallowthink"]
[Black "Karlgrocer"]
[WhiteElo "1809"]
[BlackElo "1890"]
[Result "0-1"]
[Round "1"]
1.Ng1f3 d5
2.d4 e6
3.c4 Ng8f6
4.Nb1c3 dxc4
5.e4 Bf8e7
6.Bf1xc4 O-O
7.Qd1e2 a6
8.O-O b5
9.Bc4d3 Bc8b7
10.a3 Nb8d7
{ resign }
0-1

[Event "Match"]
[Site "www.echecsemail.com"]
[Date "2019.03.23"]
[Round "1"]
[White "Whitekknight"]
[Black "Shallowthink"]
[WhiteElo "1910"]
[BlackElo "1809"]
[Result "1-0"]
[Round "1"]
1.e4 e6
2.d4 d5
3.exd5 exd5
4.Ng1f3 Ng8f6
5.Bc1g5 Bf8d6
6.Nb1c3 c6
7.Qd1e2 Bc8e6
8.Qe2e3 O-O
9.Bf1e2 Rf8e8
10.O-O Nb8d7
11.Nf3e5 Be6f5
12.Bg5xf6 Nd7xf6
13.f4 Bf5xc2
14.Be2d3 Nf6g4
15.Qe3e2 { resign }
1-0

[Event "Match"]
[Site "www.echecsemail.com"]
[Date "2019.03.23"]
[Round "1"]
[White "Shallowthink"]
[Black "Calponas"]
[WhiteElo "1809"]
[BlackElo "2020"]
[Result "0-1"]
[Round "1"]
1.e4 c5
2.Ng1f3 Nb8c6
3.Nb1c3 Ng8f6
4.Bf1b5 Nc6d4
5.e5 Nd4xb5
6.Nc3xb5 a6
7.Nb5c3 Nf6g8
8.d4 e6
9.Nc3e4 d5
10.exd6 Bf8xd6
11.dxc5 Bd6c7
12.Ne4d6 Bc7xd6
13.cxd6 Ng8f6
{ resign }
0-1

[Event "Tourn. n10066"]
[Site "www.echecsemail.com"]
[Date "2019.03.23"]
[Round "1"]
[White "Dougbeer"]
[Black "Szustan"]
[WhiteElo "2550"]
[BlackElo "2540"]
[Result "1/2-1/2"]
[Round "1"]
1.e4 e5
2.Bf1c4 Ng8f6
3.d4 exd4
4.Ng1f3 Nb8c6
5.e5 d5
6.Bc4b5 Nf6e4
7.Nf3xd4 Bc8d7
8.Bb5xc6 bxc6
9.O-O Bf8c5
10.f3 Ne4g5
11.Bc1e3 Bc5b6
12.f4 Ng5e4
13.Nb1d2 Ne4xd2
14.Qd1xd2 c5
15.Nd4f3 d4
16.Be3f2 O-O
17.a4 a5
18.b3 Bd7e6
19.Nf3h4 f5
20.Qd2d3 Qd8d7
21.Rf1e1 Be6d5
22.c4 Bd5e4
23.Re1xe4 fxe4
24.Qd3xe4 Qd7g4
25.Bf2g3 Ra8e8
26.Ra1e1 g5
27.fxg5 Qg4xe4
28.Re1xe4 Re8e7
29.Nh4f3 c6
30.h4 Bb6c7
31.Kf2 Kh8
{ draw }
1/2-1/2

[Event "Match"]
[Site "www.echecsemail.com"]
[Date "2019.03.23"]
[Round "1"]
[White "Apdash"]
[Black "Shallowthink"]
[WhiteElo "2160"]
[BlackElo "1809"]
[Result "1-0"]
[Round "1"]
1.e4 e6
2.d4 d5
3.exd5 exd5
4.Ng1f3 Ng8f6
5.c4 Bf8b4
6.Bc1d2 Bb4xd2
7.Nb1xd2 O-O
8.Bf1e2 Bc8g4
9.O-O Nb8c6
10.cxd5 Nf6xd5
11.h3 Bg4h5
12.Qd1b3 Nd5f4
13.Be2b5 Nc6xd4
14.Nf3xd4 Qd8xd4
15.Nd2b1 { resign }
1-0

[Event "Match"]
[Site "www.echecsemail.com"]
[Date "2019.03.23"]
[Round "1"]
[White "Shallowthink"]
[Black "Guidom"]
[WhiteElo "1809"]
[BlackElo "2180"]
[Result "0-1"]
[Round "1"]
1.d4 d5
2.c4 c6
3.cxd5 Qd8xd5
4.Nb1c3 Qd5a5
5.e4 e6
6.Ng1f3 Bf8b4
7.Bc1d2 Nb8d7
8.a3 Bb4e7
9.Qd1c2 Ng8f6
10.e5 Nf6g8
11.Bf1d3 Qa5d8
12.Bd3xh7 g6
13.Bh7xg8 Rh8xg8
14.O-O Nd7b6
15.Nc3e4 Nb6d5
16.Bd2g5 Bc8d7
17.Ne4d6 Kf8
18.Bg5h6 Rg8g7
19.Nd6xb7 Qd8c7
20.Nb7c5 Kg8
21.Bh6xg7 Kxg7
22.Rf1c1 Ra8c8
23.Qc2d2 Be7xc5
{ resign }
0-1

[Event "Match"]
[Site "www.echecsemail.com"]
[Date "2019.03.23"]
[Round "1"]
[White "Liencam2"]
[Black "Shallowthink"]
[WhiteElo "2330"]
[BlackElo "1809"]
[Result "1-0"]
[Round "1"]
1.e4 e5
2.Ng1f3 Nb8c6
3.d4 exd4
4.c3 dxc3
5.Bf1c4 cxb2
6.Bc1xb2 Ng8f6
7.Nb1c3 Nc6a5
8.Bc4xf7 Kxf7
9.e5 d5
10.exf6 Na5c4
11.Nf3g5 Kg6
12.Bb2c1 gxf6
13.Nc3xd5 fxg5
14.Qd1c2 Bc8f5
15.Qc2xc4 Bf8g7
16.Nd5c3 b5
17.Qc4b3 { resign }
1-0

[Event "Match"]
[Site "www.echecsemail.com"]
[Date "2019.03.23"]
[Round "1"]
[White "Eeze"]
[Black "Dussek"]
[WhiteElo "1830"]
[BlackElo "1880"]
[Result "1-0"]
[Round "1"]
1.e4 c6
2.d4 d5
3.e5 Bc8f5
4.Bf1d3 Bf5xd3
5.Qd1xd3 e6
6.Ng1f3 Nb8d7
7.O-O Ng8e7
8.Bc1g5 Qd8b6
9.b3 Ne7f5
10.c3 c5
11.Nb1d2 h6
12.Bg5e3 Nf5xe3
13.fxe3 Bf8e7
14.e4 Ra8c8
15.exd5 exd5
16.Kh1 Nd7f8
17.Qd3f5 Nf8e6
18.dxc5 Qb6c7
19.b4 O-O
20.Nd2b3 b6
21.Nf3d4 Ne6xd4
22.cxd4 g6
23.Qf5f3 Qc7c6
24.Qf3h3 Be7g5
25.Qh3d3 Qc6e6
26.Rf1f3 Kg7
27.Ra1f1 Rc8c7
28.h3 h5
29.Kh2 f5
30.a3 Rc7f7
31.a4 f4
32.Rf1c1 Rf8c8
33.a5 Bg5h6
34.Rc1c2 Qe6e8
35.axb6 axb6
36.Rc2a2 Rc8a8
37.Ra2a6 bxc5
38.bxc5 Qe8c8
39.Qd3xg6 Kf8
40.Qg6xh6 Ke8
41.Ra6e6 Kd8
42.Re6d6 Rf7d7
43.Qh6xf4 Kc7
44.c6 Rd7e7
45.Nb3c5 Qc8e8
46.e6 Ra8b8
47.Nc5a6 { resign }
1-0

[Event "Tourn. n10051"]
[Site "www.echecsemail.com"]
[Date "2019.03.24"]
[Round "1"]
[White "Fegatux"]
[Black "Cemaah"]
[WhiteElo "2220"]
[BlackElo "2400"]
[Result "1-0"]
[Round "1"]
1.d4 Ng8f6
2.c4 e6
3.g3 Bf8b4
4.Bc1d2 Bb4e7
5.Bf1g2 d5
6.Ng1f3 O-O
7.O-O a6
8.b4 dxc4
9.a4 Bc8d7
10.Nf3e5 Bd7c6
11.Ne5xc6 Nb8xc6
12.e3 Nc6xb4
13.Bd2xb4 Be7xb4
14.Bg2xb7 Ra8a7
15.Bb7g2 c5
16.Qd1c2 c3
17.Nb1xc3 cxd4
18.Nc3a2 d3
19.Qc2c4 Bb4a5
20.Na2b4 Ba5xb4
21.Qc4xb4 Ra7d7
22.Rf1d1 e5
23.Rd1d2 Qd8b8
24.Qb4a5 e4
25.Qa5xa6 Qb8b4
26.Rd2d1 Rd7d6
27.Qa6b5 Rd6b6
28.Qb5xb4 Rb6xb4
29.a5 Rb4b3
{ time. }
1-0